| 000 | 00430nam a22001697a 4500 | ||
|---|---|---|---|
| 003 | SGT | ||
| 020 | _a9780323554848 | ||
| 082 |
_a617.6 _bD22M |
||
| 100 | _aMascarenhans, Ana Karina | ||
| 245 | _aBurt and Eklund's Dentistry, Dental Practice and the Community | ||
| 250 | _a7th | ||
| 260 |
_bElsevier _c2022 |
||
| 300 | _a334 | ||
| 650 | _aDentistry; Dental Practice | ||
| 653 | _aDentistry; Dental Practice | ||
| 942 |
_2ddc _cBK |
||
| 999 |
_c22817 _d22817 |
||